ბათუმის შოთა რუსთაველის სახელმწიფო უნივერსიტეტის ბიბლიოთეკა

An anticlassical political-economic analysis : (ბიბ.ჩანაწერი № 64020)

000 -LEADER
fixed length control field 00715nam a22001937a 4500
005 - DATE AND TIME OF LATEST TRANSACTION
control field 20260310151557.0
008 - FIXED-LENGTH DATA ELEMENTS--GENERAL INFORMATION
fixed length control field 260310s1996 enk||||| |||| 00| 0 eng d
020 ## - INTERNATIONAL STANDARD BOOK NUMBER
International Standard Book Number 9780804726467x
041 ## - LANGUAGE CODE
Language code of text/sound track or separate title eng
080 ## - UNIVERSAL DECIMAL CLASSIFICATION NUMBER
Universal Decimal Classification number 330.1 M-96
100 ## - MAIN ENTRY--PERSONAL NAME
Personal name Murakami, Yasusuke.
9 (RLIN) 27101
245 ## - TITLE STATEMENT
Title An anticlassical political-economic analysis :
Remainder of title A vision for the next century /
Statement of responsibility, etc. translated by Kozo Yamamura.
264 ## - PRODUCTION, PUBLICATION, DISTRIBUTION, MANUFACTURE, AND COPYRIGHT NOTICE
Place of production, publication, distribution, manufacture Stanford :
Name of producer, publisher, distributor, manufacturer Stanford Univ. press,
Date of production, publication, distribution, manufacture, or copyright notice 1996.
300 ## - PHYSICAL DESCRIPTION
Extent 476 p. ;
Other physical details 24 cm.
440 ## - SERIES STATEMENT/ADDED ENTRY--TITLE
Title Economics/Political science/Asian studies
9 (RLIN) 27102
521 ## - TARGET AUDIENCE NOTE
Target audience note Bibliogr. notes: p. 437-463.
653 ## - INDEX TERM--UNCONTROLLED
keyword პოლიტ-ეკონომიკური თეორიები
942 ## - ADDED ENTRY ELEMENTS (KOHA)
Source of classification or shelving scheme
Koha item type წიგნი
ეგზემპლარები
Withdrawn status Lost status Source of classification or shelving scheme Damaged status Not for loan Permanent Location Current Location Shelving location Date acquired Cost, normal purchase price Full call number Barcode Date last seen Copy number Uniform Resource Identifier Price effective from Koha item type Public note
          ბათუმის შოთა რუსთაველის სახელმწიფო უნივერსიტეტის მთავარი ბიბლიოთეკა ბათუმის შოთა რუსთაველის სახელმწიფო უნივერსიტეტის მთავარი ბიბლიოთეკა წიგნსაცავი 2026-03-10 20.00 330.1 M-96 73877 2026-03-10 73877 იაპონიის ელჩის საჩუქარი 2026-03-10 წიგნი 20 ლ.